| 000 | 00631nam a22002297a 4500 | ||
|---|---|---|---|
| 003 | UA-OsUOA | ||
| 001 | 87213 | ||
| 007 | ta | ||
| 008 | 20120915b un ||||| |||| 00| 0 ukr d | ||
| 100 | _aВасилев С. | ||
| 090 |
_a82.09 _bВ19 |
||
| 942 | _cBK | ||
| 040 |
_aUA-OsUOA _brus _cUA-OsUOA _dUA-OsUOA |
||
| 245 | _aТеория отражения и художественное творчество | ||
| 300 | _a495 с. | ||
| 955 | _a1 | ||
| 041 | _arus | ||
| 080 | _a82.09 | ||
| 260 |
_aМ. _bПрогресс _c1970 |
||
| 650 | 7 |
_a82 Література. Літературознавство _2UDC |
|
| 999 |
_c373504 _d373504 |
||